Biblioteca

Breviarium ad Usum Insignis Ecclesiae Sarum, (Registro nro. 66772)

Detalles MARC
000 -LÍDER
Campo fijo de descripción fija 01502nam a2200361 i 4500
001 - NÚMERO DE CONTROL
Campo de control 768714001
003 - IDENTIFICADOR DEL NÚMERO DE CONTROL
Campo de control CO-MdFUSB
005 - FECHA Y HORA DE LA ULTIMA TRANSACCIÓN
control field 20220727123549.0
007 - CAMPO FIJO DE DESCRIPCIÓN FIJA--INFORMACIÓN GENERAL
Campo fijo de descripción fija ta
008 - ELEMENTOS DE LONGITUD FIJA -- INFORMACIÓN GENERAL
Campo fijo de descripción fija -- Información general 210726t1882 enk |||| |||| 00| 0 eng d
020 ## - NÚMERO INTERNACIONAL NORMALIZADO PARA LIBROS
Número Internacional Normalizado del libro [No incluye ISBN]
040 ## - FUENTE DE CATALOGACIÓN
Agencia de catalogación original CO-MdFUSB
Idioma de catalogación spa
Agencia que realiza la transcripción CO-MdFUSB
Agencia que realiza la modificación CO-MdFUSBC
Convenciones de la descripción rda
041 ## - CÓDIGO DE IDIOMA
Código de idioma para texto/pista de sonido o título separado ita
082 ## - NÚMERO DE CLASIFICACIÓN DECIMAL DEWEY
Número de la edición del Dewey 23
Número de clasificación 264
Clave de autor-Numero de item P964
100 ## - ASIENTO PRINCIPAL--NOMBRE PERSONAL
Nombre personal Procter, Francisci.
Término relacionador autor
245 1# - TÍTULO
Título del Material Breviarium ad Usum Insignis Ecclesiae Sarum,
Mención de responsabilidad, etc. / Francisci Proter , Christophori Wordsworth
264 #1 - PRODUCCIÓN, PUBLICACIÓN, DISTRIBUCIÓN, MANUFACTURA, Y COPYRIGHT
Lugar de producción, publicación, distribución, manufactura Londres :
Nombre del productor, publicador, distribuidor Almae Matris Academiae,
Fecha de producción, publicación, distribución, manufactura, o copyright [1882]
264 #0 - PRODUCCIÓN, PUBLICACIÓN, DISTRIBUCIÓN, MANUFACTURA, Y COPYRIGHT
Lugar de producción, publicación, distribución, manufactura Cambridge, England :
Nombre del productor, publicador, distribuidor Almae Matris Academiae,
Fecha de producción, publicación, distribución, manufactura, o copyright [1879]
264 #1 - PRODUCCIÓN, PUBLICACIÓN, DISTRIBUCIÓN, MANUFACTURA, Y COPYRIGHT
Lugar de producción, publicación, distribución, manufactura Londres :
Nombre del productor, publicador, distribuidor Almae Matris Academiae,
Fecha de producción, publicación, distribución, manufactura, o copyright [1886]
300 ## - DESCRIPCIÓN FÍSICA
Extensión 1535 páginas
Dimensiones ; 23 cm
336 ## - TIPO DE CONTENIDO
Fuente rdacontent
Término de tipo de contenido sonidos
Código de tipo de contenido txt
337 ## - TIPO DE MEDIO
Fuente rdamedia
Nombre del tipo de medio otro
Código del tipo de medio n
338 ## - TIPO DE SOPORTE
Fuente rdacarrier
Nombre del tipo de soporte volumen
Código Tipo de soporte nc
505 ## - NOTA DE CONTENIDO
Título Vol. I: Kalendarium et Ordo Temporalis sive Proprium de Tempore Totius anni, una cum ordinali suo quod usitato vocablo dicitur pica sive directorium sacerdotum.
505 ## - NOTA DE CONTENIDO
Título Vol. II: Psalterium, cum ordinario officii totius hebdomadae juxta horas cononicas, et propio completorii, Litania, commune sactorum, ordinarium missae cum canone et XIII missis.
505 ## - NOTA DE CONTENIDO
Título Vol. III: Proprium sanctorum quod et sanctorale dicitur, una cum accenturio.
563 ## - NOTA DE ENCUADERNACIÓN
Nota de encuadernación Tapa dura
653 ## - TÉRMINO DE INDIZACIÓN - NO CONTROLADO
Término no controlado Eclesiología
700 ## - ASIENTO SECUNDARIO - NOMBRE PERSONAL
9 (RLIN) 5398
Nombre personal Wordsworth, Christophori
Responsabilidad autor
942 ## - TIPO DE MATERIAL (KOHA)
Tipo de Item KOHA Libros Patrimoniales
945 ## - INFORMACIÓN LOCAL DEL REGISTRO
Catalogador JTF-925
Existencias
Estado de Material Estado de Perdido Forma de Clasificación Estado de Dañado No para Préstamo Colección Tomo Biblioteca de Origen Biblioteca Permanente Fecha de Adquisición Área Total de Préstamos Signatura Topográfica Código de Barras Última vez visto Ejemplar/Existencia Tipo de Material Fecha de Remplazo
    Dewey Decimal Classification     Colección Patrimonial   Biblioteca FUSBC Biblioteca FUSBC 19/05/2022 ECLESIOLOGÍA   P 264 P964b 20861 12/12/2019 Vol. 2, ej. 1 Libros Patrimoniales  
    Dewey Decimal Classification     Colección Patrimonial   Biblioteca FUSBC Biblioteca FUSBC 26/07/2021 ECLESIOLOGÍA   P 264 P964b 19415 26/07/2021 Vol. 1, ej. 1 Libros Patrimoniales 26/07/2021
    Dewey Decimal Classification     Colección Patrimonial   Biblioteca FUSBC Biblioteca FUSBC 26/07/2021 ECLESIOLOGÍA   P 264 P964b 13805 26/07/2021 Vol. 3, ej. 1 Libros Patrimoniales 26/07/2021

Biblioteca FUSBC | Teléfono: (57+4) 349 88 10 Ext. 141| WhatsApp (+57) 3005338115 
E-mail: biblioteca@unisbc.edu.co | Calle 76 87-14 Robledo Palenque, Medellín, Colombia

Con tecnología Koha